Historical Figures whose Names starts with H - Statistics

General Stats
  • This quiz has been taken 37 times
  • The average score is 14 of 24
Answer Stats
Picture Hint Answer % Correct
Hungarian-American escape artist, illusionist, and stunt performer Harry Houdini
100%
King of England known for his six wives Henry VIII of England
100%
author of the Odyssey and the Illiad Homer
100%
Crossed the Alps with elephants Hannibal Barkas
97%
Emperor of Japan during WW II Hirohito
97%
U.S. president responsible for Hiroshima and Nagasaki Harry S. Truman
94%
British admiral at the Battle of Trafalgar Horatio Nelson
88%
pioneer of the assembly line Henry Ford
85%
Vietnamese revolutionary leader Ho Chi Minh
85%
First deaf-blind person to earn a Bachelor of Arts degree Helen Keller
76%
last Emperor of Ethiopia Haile Selassie
74%
Abolitionist and "conductor" of the Underground Railroad Harriet Tubman
65%
Leading figure of the Luftwaffe Hermann Göring
62%
Sixth King of the First Babylonian Dynasty, best known for his code Hammurabi
59%
Author of Uncle Tom's Cabin Harriet Beecher Stowe
59%
unit of frequency Heinrich Hertz
53%
"Dr. Livingstone, I presume?" Henry Morton Stanley
41%
author of On Totalitarianism Hannah Arendt
26%
La Comédie Humaine Honoré de Balzac
24%
French artist and leader of the Fauvism movement Henri Matisse
18%
Ancient Greek philosopher, astronomer, and mathematician in Alexandria Hypatia of Alexandria
12%
Gestapo leader Heinrich Müller
6%
Frankfurter Schule German-American philosopher Herbert Marcuse
6%
Persian poet Hafez
3%
No matching quizzes found
Score Distribution
Percent of People with Each Score
Percentile by Number Answered
Your Score History
You have not taken this quiz